Haute-Savoie - mort subite - Statistiques

Statistiques générales
  • Ce quiz a été pris 82 fois
    31 depuis la dernière actualisation
  • Le résultat moyen est 11 sur 18
Answers on the Grid
Answers color-coded by a green-red scale on the quiz's grid according to % correct below.
Mont Blanc
Évian-les-Bains
Saint-Julien-en-Genevois
Chamonix
Lac Léman
Grand Prairie
Bourg-Saint-Maurice
Calabarzon
Aiguille du Midi
Oyonnax
Le tripoint France/Suisse/Italie
Nitra
Annemasse
Sandnes
Lac du Bourget
Vierzon
Annecy
Colomiers
Mingachevir
Villefontaine
Aiguille Rouge
Bonneville
Sixt
Dobrogée
Lac du Bourget
Vernier
Aiguille Verte
Thonon-les-Bains
Thônes
Le tunnel de base du Mont-d'Ambin
Saint-Gervais-les-Bains
Megève
Ugine
Grandes Jorasses
Boissise-la-Bertrand
Excenevex
 
Statistiques - réponses
Réponse % Correct
Chamonix
94%
Mont Blanc
89%
Annemasse
78%
Évian-les-Bains
78%
Lac Léman
78%
Saint-Julien-en-Genevois
78%
Thonon-les-Bains
78%
Annecy
67%
Aiguille du Midi
61%
Bonneville
61%
Megève
56%
Le sommet du Mont Dolent Le tripoint France/Suisse/Italie
44%
Thônes
44%
Excenevex
39%
Saint-Gervais-les-Bains
39%
Grandes Jorasses
33%
Sixt
28%
Aiguille Verte
22%
Aucun quiz correspondant
Distribution des résultats
% des personnes avec chaque résultat
Percentile par nombre de réponses
Votre historique - résultats
Vous n’avez pas pris ce quiz depuis la dernière actualisation